00458nam a22001577a 450000500170000001000150001702000260003203500130005803700130007108200140008424500710009826000400016927000520020930000210026170000180028220150717165500.0 aENG-113255 c399.00a9789380828688 aEN-96787 bDBAD/PUB a322.10954 aSecular India :cedited by Rakesh Sinhabpolitics of minorityism / aNew DelhibVitasta Publishingc2012 a2/15, Ansari Road, DaryaganjbNew Delhie110002 a250p.c22cm(pbk) aSinha, Rakesh